000
00441nam a2200145Ia 4500
008
100204s9999 xx 000 0 und d
082
_b
741
100
_a
आचार्य नयना
245
_a
अग्निमंचक
260
_b
"उदयदीप प्रकाशन , मुंबई"
_c
1978
300
_a
238
630
_a
अग्निमंचक
730
_a
अग्निमंचक
942
_c
BOOK
999
_c
445936
_d
445933